000 00522nam a22001817a 4500
999 _c166141
_d166141
005 20190715150604.0
010 _aENG-125919
020 _a9789388322218
_c399.00
035 _aEN-109451
037 _bDBAD/PUB
082 _aN
100 _aKanekar, Amita
245 _aFear of lions /
_cby Amita Kanekar
260 _aGurugram
_bHachette Books Publishing
_c2019
270 _a4th and 5th Floor, Corporate Centre, Plot No.-94, Sector 44
_bGurugram
_e122003
300 _a336p.
_c20cm(pbk)
942 _2ddc
_cEN
_hN
_mKAN